000 00401cam a2200157ua 4500
003 OSt
008 250812b |||||||| |||| 00| 0 eng d
041 _aeng
082 _a625.7
_bHEW/HI
100 _aHewes, Laurence J .
_97707
245 _aHighway engineering /
260 _aMumbai :
_bAsia Publishing House ,
_c1963.
300 _a658 ; .
700 1 _aOglesby, Clarkson H .
_97708
942 _cBK
999 _c2718
_d2718